| 000 | 01047nam a22002417a 4500 | ||
|---|---|---|---|
| 999 |
_c8412 _d8412 |
||
| 003 | AR-CdUCM | ||
| 008 | 190325b ||||| |||| 00| 0 spa d | ||
| 040 |
_aMUNICIPALIDAD PROVINCIAL DEL CUSCO _cBIBLIOTECA MUNICIPAL DEL CUSCO |
||
| 082 |
_a985.008 / _bC73 |
||
| 100 |
_aComisión nacional de sesquicentenario de la independencia de Perú _923606 |
||
| 245 | _aSímbolos de la patria / | ||
| 260 |
_aLima : _bComisión nacional de sesquicentenario de la independencia de Perú _c1974. |
||
| 300 |
_a416 páginas ; _c24 cm. |
||
| 440 |
_aColección documental de la independencia del Perú. _921856 |
||
| 505 | _aContenido: Bandera nacional, escudo, gran sello del estado, pabellón, estandarte y escarapela -- Himno nacional, letra y música. | ||
| 650 |
_aBandera peruana _923607 |
||
| 650 |
_aSímbolos patrios peruanos _923608 |
||
| 650 |
_aIndependencia peruana _923196 |
||
| 650 |
_aSan Martín _9306 |
||
| 700 |
_aPons Muzzo, Gustavo (investigación, recopilación, edición y prólogo) _923609 |
||
| 942 |
_2ddc _cLIBROS |
||
| 945 | _adavv | ||